| 000 | 00594nam a2200205Ia 4500 | ||
|---|---|---|---|
| 005 | 20221203110121.0 | ||
| 008 | 131103s9999 xx 000 0 und d | ||
| 040 | _aLoreto College | ||
| 041 | _aEnglish | ||
| 082 |
_a810 _bVAS |
||
| 245 |
_aAmerica as a civilization _ccompiled & edited by V.Vasudevan |
||
| 260 |
_aCalcutta _bThe American Library _c1967 |
||
| 300 | _aiii,157 p. | ||
| 504 | _aIncludes bibliographical references and index | ||
| 650 | _aAmerican Literature | ||
| 651 | _aAmerican Literature | ||
| 700 | _aVasudevan,V.;ed. and comp. | ||
| 850 | _aLCLIB | ||
| 942 | _cBK | ||
| 999 |
_c11583 _d62062 |
||